O tempo nao para (Record n. 99601)
[ formato base ]
| 000 -LEADER | |
|---|---|
| fixed length control field | 02432njm a2200421Ia 4500 |
| 001 - CONTROL NUMBER | |
| control field | 82957 |
| 003 - CONTROL NUMBER IDENTIFIER | |
| control field | IT-RoPAU |
| 005 - DATE AND TIME OF LATEST TRANSACTION | |
| control field | 20220918181118.0 |
| 008 - FIXED-LENGTH DATA ELEMENTS--GENERAL INFORMATION | |
| fixed length control field | 131025s9999 xx 000 0 und d |
| 040 ## - CATALOGING SOURCE | |
| Original cataloging agency | IT-RoPAU |
| 040 ## - CATALOGING SOURCE | |
| Transcribing agency | IT-RoPAU |
| 041 ## - LANGUAGE CODE | |
| Language code of text/sound track or separate title | BRASILIANO |
| 999 ## - SYSTEM CONTROL NUMBERS (KOHA) | |
| Koha Dewey Subclass [OBSOLETE] | n.d. |
| 100 ## - MAIN ENTRY--PERSONAL NAME | |
| Personal name | AA.VV. |
| 9 (RLIN) | 794 |
| 100 ## - MAIN ENTRY--PERSONAL NAME | |
| Relator term | Autore musica |
| 9 (RLIN) | 26230 |
| 100 ## - MAIN ENTRY--PERSONAL NAME | |
| Miscellaneous information | Codice autore musica SPICS: 12000 |
| 9 (RLIN) | 796 |
| 245 ## - TITLE STATEMENT | |
| Title | O tempo nao para |
| 250 ## - EDITION STATEMENT | |
| Edition statement | 1a ed. |
| 260 ## - PUBLICATION, DISTRIBUTION, ETC. (IMPRINT) | |
| Place of publication, distribution, etc. | BRASILE |
| 260 ## - PUBLICATION, DISTRIBUTION, ETC. (IMPRINT) | |
| Name of publisher, distributor, etc. | POLYGRAM |
| Date of publication, distribution, etc. | 1988 [1a Ed.:1988 - Ed. Lingua Orig.: 1988] |
| 300 ## - PHYSICAL DESCRIPTION | |
| Extent | DISCO |
| 500 ## - GENERAL NOTE | |
| General note | Musica brasiliana, folk |
| 505 ## - FORMATTED CONTENTS NOTE | |
| Formatted contents note | Vida louca vida - Boas novas - Ideologia - Todo amor que houver nessa vida - Codinome beija flor - O tempo nao para - So as maes sao felizes - O nosso amor a gente inventa (estoria romantica) - Exagerado - Faz parte do meus show |
| 650 ## - SUBJECT ADDED ENTRY--TOPICAL TERM | |
| Topical term or geographic name as entry element | MUSICA BRASILIA [DISCHI] |
| Relator term | Codice MATERIA SPICS: 9950 |
| 9 (RLIN) | 26231 |
| 700 ## - ADDED ENTRY--PERSONAL NAME | |
| Personal name | Cazuza |
| Miscellaneous information | Codice interprete SPICS: 28906 |
| Relator term | Interprete |
| 9 (RLIN) | 26232 |
| 700 ## - ADDED ENTRY--PERSONAL NAME | |
| Personal name | Labao |
| Miscellaneous information | Codice autore musica SPICS: 28907 |
| Relator term | Autore musica |
| Name of part/section of a work | Vida louca vida |
| 9 (RLIN) | 26233 |
| 700 ## - ADDED ENTRY--PERSONAL NAME | |
| Personal name | Vilena Bernardo |
| Miscellaneous information | Codice autore SPICS: 28908 |
| Relator term | Autore |
| Name of part/section of a work | Vida louca vida |
| 9 (RLIN) | 26234 |
| 700 ## - ADDED ENTRY--PERSONAL NAME | |
| Personal name | Cazuza |
| Miscellaneous information | Codice autore musica SPICS: 28906 |
| Relator term | Autore musica |
| Name of part/section of a work | Boas novas - Ideologia - Todo amor que houver nessa vida - Codinome beija flor - O tempo nao para - So as maes sao felizes - O nosso amor a gente inventa - Exagerado - Faz parte do meus show |
| 9 (RLIN) | 26235 |
| 700 ## - ADDED ENTRY--PERSONAL NAME | |
| Personal name | Frejat |
| Miscellaneous information | Codice autore musica SPICS: 28909 |
| Relator term | Autore musica |
| Name of part/section of a work | Ideologia - Todo amor que houver nessa vida - So as maes sao felizes |
| 9 (RLIN) | 26236 |
| 700 ## - ADDED ENTRY--PERSONAL NAME | |
| Personal name | Arias |
| Miscellaneous information | Codice autore musica SPICS: 28910 |
| Relator term | Autore musica |
| Name of part/section of a work | Codinome beija flor |
| 9 (RLIN) | 26237 |
| 700 ## - ADDED ENTRY--PERSONAL NAME | |
| Personal name | Neves Ezequiel |
| Miscellaneous information | Codice autore testo/musica SPICS: 28911 |
| Relator term | Autore testo/musica |
| Name of part/section of a work | Codinome beija flor - Exagerado |
| 9 (RLIN) | 26238 |
| 700 ## - ADDED ENTRY--PERSONAL NAME | |
| Personal name | Brandao Arnaldo |
| Miscellaneous information | Codice autore musica SPICS: 28912 |
| Relator term | Autore musica |
| Name of part/section of a work | O tempo nao para |
| 9 (RLIN) | 26239 |
| 700 ## - ADDED ENTRY--PERSONAL NAME | |
| Personal name | Meanda Rogerio |
| Miscellaneous information | Codice autore musica SPICS: 28913 |
| Relator term | Autore musica |
| Name of part/section of a work | O nosso amor a gente inventa |
| 9 (RLIN) | 26240 |
| 700 ## - ADDED ENTRY--PERSONAL NAME | |
| Personal name | Reboucas |
| Miscellaneous information | Codice autore testo/musica SPICS: 28914 |
| Relator term | Autore testo/musica |
| Name of part/section of a work | O nosso amor a gente inventa |
| 9 (RLIN) | 26241 |
| 700 ## - ADDED ENTRY--PERSONAL NAME | |
| Personal name | Leoni |
| Miscellaneous information | Codice autore testo/musica SPICS: 28915 |
| Relator term | Autore testo/musica |
| Name of part/section of a work | Exagerado |
| 9 (RLIN) | 26242 |
| 700 ## - ADDED ENTRY--PERSONAL NAME | |
| Personal name | Ladeira Renato |
| Miscellaneous information | Codice autore musica SPICS: 28916 |
| Relator term | Autore musica |
| Name of part/section of a work | Faz parte do meus show |
| 9 (RLIN) | 26243 |
| 942 ## - ADDED ENTRY ELEMENTS (KOHA) | |
| Koha item type | DISCHI |
| Source of classification or shelving scheme | Dewey Decimal Classification |
| Withdrawn status | Lost status | Damaged status | Not for loan | Home library | Current library | Date acquired | Total Checkouts | Full call number | Date last seen | Price effective from | Koha item type | Public note |
|---|---|---|---|---|---|---|---|---|---|---|---|---|
| Buone Condizioni | Not For Loan | SPICS-MEDIATECA | SPICS-MEDIATECA | 25/10/2013 | 82957 | 25/10/2013 | 25/10/2013 | DISCHI | Progr. Ins.: 21003 / N.Vol.: 1 / Copie: 1 - Copia rara: n.d. / date import: 01.01.2014 - By Epidotti, Trombetti, Vaglietti |